[Event "Oberliga Nord W 0304"]
[Site "Germany"]
[Date "2003.11.23"]
[Round "3.5"]
[White "Juhnke, Karl"]
[Black "Heinemann, Ernst"]
[Result "0-1"]
[WhiteElo "2254"]
[BlackElo "2255"]
[PlyCount "98"]
[EventDate "2003.10.12"]
[EventType "team-tourn"]
[EventRounds "9"]
[EventCountry "GER"]
[SourceTitle "EXT 2005"]
[Source "ChessBase"]
[SourceDate "2004.11.15"]
[SourceVersion "1"]
[SourceVersionDate "2004.11.15"]
[SourceQuality "1"]
[WhiteTeam "Bremer SG II"]
[BlackTeam "Oldenburg Union"]
[WhiteTeamCountry "GER"]
[BlackTeamCountry "GER"]

1. d4 Nf6 2. c4 c5 3. d5 b5 4. cxb5 a6 5. bxa6 e6 6. Nc3 Nxd5 7. Nxd5 exd5 8. Qxd5 Nc6 9. e3 Be7 10. Bd2 Qb6 11. Bc3 0-0 12. Nf3 Bxa6 13. Ne5 Nb4 14. Qd2 Bxf1 15. Kxf1 Nxa2 16. g3 Nxc3 17. Rxa8 Rxa8 18. bxc3 Qe6 19. Nf3 Ra2 20. Qd1 Qh3+ 21. Kg1 Bf6 22. Qb1 Ra8 23. Qf1 Qxf1+ 24. Kxf1 Ra1+ 25. Kg2 Rxh1 26. Kxh1 Bxc3 27. e4 f6 28. Kg2 Kf7 29. Kf1 Ke6 30. g4 d5 31. exd5+ Kxd5 32. Ke2 Ke4 33. Nh4 g6 34. f3+ Kd5 35. Ng2 Be5 36. h4 Bd4 37. Nf4+ Ke5 38. Nd3+ Kd6 39. Nf4 Be5 40. Ng2 Kd5 41. Ne3+ Kd4 42. Nc2+ Kc3 43. Ne3 Bd4 44. Nd5+ Kb3 45. Kd3 Bf2 46. h5 c4+ 47. Ke2 Bd4 48. hxg6 hxg6 49. Kd1 c3 0-1